LEADER 01083nam0-2200313 --450 001 9910291358203321 005 20181211091257.0 010 $a2070102769 100 $a20181116d1969----kmuy0itay5050 ba 101 0 $afre 102 $aFR 105 $ay 001yy 200 1 $a?uvres$fSaint François de Sales$gpréface et chronologie par André Ravier$gtextes présentés et annotés par André Ravier avec la collabor. de Roger Devos 210 $aParis$cGallimard$dc1969 215 $aCXXXII, 1885 p.$d18 cm 225 1 $aBibliothèque de la Pléiade$v212 327 0 $aIntroduction à la vie devote$aTraité de l'Amour de Dieu$aRecueil des Entretiens spirituel$aChoix de variantes 610 0 $aFrancesco di Sales $aOpere complete 676 $a248.482$v21 700 0$aFrançois : de Sales$0744300 702 1$aRavier,$bAndré 702 1$aDevos,$bRoger 801 0$aIT$bUNINA$gREICAT$2UNIMARC 901 $aBK 912 $a9910291358203321 952 $a200/3 0667$bIST.FIL T. 2347$fFLFBC 959 $aFLFBC 996 $a?uvres$91537725 997 $aUNINA LEADER 01183cam0 22002771 450 001 SOBE00033112 005 20130514111649.0 010 $a9788860425379 100 $a20130514d2008 |||||ita|0103 ba 101 $aita 102 $aIT 200 1 $a<>viaggio degli emigranti in America latina tra Ottocento e Novecento$egli aspetti economici, sociali, culturali$fa cura di Giuseppe Moricola 210 $aNapoli$cGuida$d2008 215 $a190 p.$d21 cm 225 2 $aStrumenti$fDipartimento di scienze sociali, Università degli studi di Napoli L'Orientale$v2 410 1$1001SOBE00033113$12001 $a*Strumenti / Dipartimento di scienze sociali, Università degli studi di Napoli L'Orientale$v2 702 1$aMoricola, Giuseppe$3SOBA00007000$4070 801 0$aIT$bUNISOB$c20130514$gRICA 850 $aUNISOB 852 $aUNISOB$jFondo|Durante$m160165 912 $aSOBE00033112 940 $aM 102 Monografia moderna SBN 941 $aM 957 $aFondo|Durante$b000238$gSI$d160165$hDurante$rdono$tN$1menle$2UNISOB$3UNISOB$420130514095959.0$520130514100020.0$6menle 996 $aViaggio degli emigranti in America Latina tra Ottocento e Novecento$91120949 997 $aUNISOB